Literatura slavi︠a︡nskikh narodov.

Bibliographic Details
Corporate Author: Institut slavi︠a︡novedenii︠a︡ (Akademii︠a︡ nauk SSSR)
Format: Journal
Language:Russian
Published: Moskva : Izd-vo Akademii nauk SSSR, 1956-
Subjects:

MARC

Tag First Indicator Second Indicator Subfields
LEADER 00000cas a2200000I 4500
001 in00001815136
005 20151026051516.0
008 860221u195619uuru uu p 0 0rus d
035 |a (OCoLC)ocm13179994 
040 |a CIN  |c CIN  |d TXA  |d UtOrBLW 
049 |a TXAM 
090 |a PG500  |b .L5 
245 0 0 |a Literatura slavi︠a︡nskikh narodov. 
264 1 |a Moskva :  |b Izd-vo Akademii nauk SSSR,  |c 1956- 
300 |a volumes :  |b facsimiles ;  |c 27 cm. 
336 |a text  |b txt  |2 rdacontent 
337 |a unmediated  |b n  |2 rdamedia 
338 |a volume  |b nc  |2 rdacarrier 
362 0 |a vyp. 1- 
650 0 |a Slavic literature  |x History and criticism. 
710 2 |a Institut slavi︠a︡novedenii︠a︡ (Akademii︠a︡ nauk SSSR) 
994 |a E0  |b TXA 
999 |a MARS 
999 f f |s cf19de1d-3c6b-3aba-873a-61cbf8bca0fc  |i 754de01d-e9dc-304b-93bc-8407c56057dd  |t 0 
952 f f |p normal  |a Texas A&M University  |b College Station  |c Sterling C. Evans Library  |d Evans: Library Stacks  |t 0  |e PG500 .L5  |h Library of Congress classification  |i unmediated -- volume  |k vyp.8  |l 1963  |m A14830822463 
998 f f |a PG500 .L5  |s vyp.8 [1963]  |t 0  |l Evans: Library Stacks